The diary of a reluctant feminist : (Record no. 83919)
[ view plain ]
| 000 -LEADER | |
|---|---|
| fixed length control field | 00889nam a22002417a 4500 |
| 005 - DATE AND TIME OF LATEST TRANSACTION | |
| control field | 20170705163001.0 |
| 010 ## - LCCN (DPL NO) | |
| LC control number | ENG-109901 |
| 020 ## - INTERNATIONAL STANDARD BOOK NUMBER | |
| Terms of availability | 299.00 |
| International Standard Book Number | 9789350096710 |
| 035 ## - SYSTEM CONTROL NUMBER | |
| System control number | EN-93434 |
| 035 ## - SYSTEM CONTROL NUMBER | |
| System control number | B-534679-681 |
| 035 ## - SYSTEM CONTROL NUMBER | |
| System control number | B-664580 |
| 037 ## - SOURCE OF ACQUISITION | |
| Source of stock number/acquisition | DBAD/PUB |
| 037 ## - SOURCE OF ACQUISITION | |
| Source of stock number/acquisition | BSB/Ven |
| Stock number | dpl |
| 082 ## - DEWEY DECIMAL CLASSIFICATION NUMBER | |
| Classification number | S |
| 100 ## - MAIN ENTRY--PERSONAL NAME | |
| Personal name | Bhavna Bhavna |
| 245 00 - TITLE STATEMENT | |
| Title | The diary of a reluctant feminist : |
| Remainder of title | survival rules for the journey from good to divorced in middle class India / |
| Statement of responsibility, etc | by Bhavna Bhavna |
| 260 ## - PUBLICATION, DISTRIBUTION, ETC. (IMPRINT) | |
| Place of publication, distribution, etc | Gurgaon |
| Name of publisher, distributor, etc | Hachette Book Publishing |
| Date of publication, distribution, etc | 2013 |
| 270 ## - ADDRESS | |
| Address | Plot No.94, Sector 44 |
| City | Gurgaon |
| Postal code | 122003 |
| 300 ## - PHYSICAL DESCRIPTION | |
| Extent | 197p. |
| Dimensions | 20cm(pbk) |
| 942 ## - ADDED ENTRY ELEMENTS (KOHA) | |
| Source of classification or shelving scheme | Dewey Decimal Classification |
| Item type | English Books |
| Call number suffix | BHA |
| Classification part | S |
| Withdrawn status | Lost status | Not for loan | Collection code | Home library | Current library | Date acquired | Source of acquisition | Cost, normal purchase price | Full call number | Barcode | Copy number | Cost, replacement price | Koha item type |
|---|---|---|---|---|---|---|---|---|---|---|---|---|---|
| Fiction | Ashok Vihar | Ashok Vihar | 05/07/2017 | BPPD/EN/2013-14/AV/2016-17/363/BSB/IN503/28.02.2017/06.03.2017 | 299.00 | S BHA | B-664580 | 1 | 299.00 | English Books | |||
| Fiction | Central Library | Central Library | 13/08/2014 | BSB/IN602/27.03.2014/143/25.03.2014/29.03.2014 | 299.00 | S BHA | B-534679 | 1 | 299.00 | English Books | |||
| Not For Loan | Fiction | D.B.Act.Division | D.B.Act.Division | 01/05/2014 | DBAD / PUB | 299.00 | S BHA | EN-93434 | 1 | 299.00 | English Books | ||
| Fiction | Karol Bagh | Karol Bagh | 13/08/2014 | BSB/IN602/27.03.2014/143/25.03.2014/29.03.2014 | 299.00 | S BHA | B-534680 | 1 | 299.00 | English Books | |||
| Fiction | Narela | Narela | 13/08/2014 | BSB/IN602/27.03.2014/143/25.03.2014/29.03.2014 | 299.00 | S BHA | B-534681 | 1 | 299.00 | English Books |
